[Event "26th WSCC 2016 Open 50+"]
[Site "Marianske Lazne, Czech Republic - Hotel Cristal and Continental"]
[Date "2016.11.29"]
[Round "10.5"]
[White "Kalegin, Evgenij"]
[Black "Bruno, Fabio"]
[Result "1-0"]
[WhiteElo "2420"]
[BlackElo "2435"]
[PlyCount "65"]
[EventDate "2016.11.19"]

1. e4 e6 2. d4 d5 3. Nc3 Nf6 4. e5 Nfd7 5. f4 c5 6. Nf3 Be7 7. Be3 b6 8. Qd2
O-O 9. h4 Nc6 10. Bd3 cxd4 11. Nxd4 Nxd4 12. Bxd4 Nc5 13. O-O-O Bd7 14. g4
Nxd3+ 15. Qxd3 b5 16. f5 b4 17. Ne2 Re8 18. Nf4 Bf8 19. f6 Qc7 20. fxg7 Bxg7
21. Qe3 Kh8 22. Nh5 Rg8 23. g5 Bb5 24. Rd2 a5 25. Nf6 Rgc8 26. h5 a4 27. g6 b3
28. a3 bxc2 29. h6 Bxf6 30. exf6 e5 31. gxh7 exd4 32. Qg5 Rg8 33. Qg7+ 1-0

[Event "26th WSCC 2016 Open 50+"]
[Site "Marianske Lazne, Czech Republic - Hotel Cristal and Continental"]
[Date "2016.11.29"]
[Round "10.6"]
[White "Matamoros Franco, Carlos S"]
[Black "Buchal, Stephan"]
[Result "1-0"]
[WhiteElo "2495"]
[BlackElo "2339"]
[PlyCount "69"]
[EventDate "2016.11.19"]

1. Nf3 g6 2. c4 Bg7 3. d4 d6 4. Nc3 Nf6 5. g3 O-O 6. Bg2 Nc6 7. O-O a6 8. d5
Na5 9. b3 c5 10. dxc6 Nxc6 11. Bb2 Qa5 12. Qc1 Qh5 13. h4 Bg4 14. Rd1 Rad8 15.
Nd5 e5 16. Nxf6+ Bxf6 17. Rd2 Be7 18. Qc3 h6 19. Rad1 g5 20. hxg5 hxg5 21. c5
dxc5 22. Nxe5 Bf6 23. Bxc6 Rxd2 24. Rxd2 bxc6 25. Qxc5 Be6 26. Nd7 Bxd7 27.
Bxf6 Qg6 28. Be7 Re8 29. Rxd7 Qb1+ 30. Kg2 Qe4+ 31. f3 Qxe2+ 32. Kh3 Qe6+ 33.
g4 Qxd7 34. Qxg5+ Kh7 35. Bf6 1-0

[Event "26th WSCC 2016 Open 50+"]
[Site "Marianske Lazne, Czech Republic - Hotel Cristal and Continental"]
[Date "2016.11.29"]
[Round "10.7"]
[White "Larsen, Peter"]
[Black "Ivanov, Alexander"]
[Result "0-1"]
[WhiteElo "2248"]
[BlackElo "2478"]
[PlyCount "108"]
[EventDate "2016.11.19"]

1. e4 d6 2. d4 Nf6 3. Nc3 c6 4. f4 Qa5 5. Bd3 e5 6. Nf3 exd4 7. Nxd4 g6 8. Qe2
Bg7 9. Nb3 Qc7 10. e5 dxe5 11. fxe5 Ng4 12. e6 Bxe6 13. Nc5 Qe5 14. N3e4 O-O
15. Bd2 Bf5 16. h3 Bxe4 17. Nxe4 Qxb2 18. O-O Ne5 19. Rab1 Qxa2 20. Rxb7 Nbd7
21. Bc3 Qd5 22. Rd1 Nc5 23. Bxe5 Qxe5 24. Nxc5 Qxc5+ 25. Kh1 Rae8 26. Qg4 Re7
27. Rxe7 Qxe7 28. Bc4 a5 29. Bb3 Kh8 30. Qa4 Qc5 31. Qe4 Qc3 32. Qe7 Qe5 33.
Qb7 Qe2 34. Qd7 c5 35. Qd3 Qxd3 36. Rxd3 f5 37. Rd7 Ra8 38. Bd5 Re8 39. Kg1
Bd4+ 40. Kf1 Re3 41. Bb3 Rc3 42. Ke2 h5 43. Kd2 h4 44. Bd5 a4 45. Rb7 a3 46.
Kc1 c4 47. Rc7 a2 48. Rc8+ Kg7 49. Ra8 Re3 50. Rxa2 Bc3 51. Bf3 Re1+ 52. Bd1
Rg1 53. Ra4 Bf6 54. Rxc4 Bg5+ 0-1

[Event "26th WSCC 2016 Open 50+"]
[Site "Marianske Lazne, Czech Republic - Hotel Cristal and Continental"]
[Date "2016.11.29"]
[Round "10.8"]
[White "Danielsen, Henrik"]
[Black "Kutynec, Vladimir"]
[Result "1-0"]
[WhiteElo "2477"]
[BlackElo "2295"]
[PlyCount "131"]
[EventDate "2016.11.19"]

1. g3 d5 2. Nf3 b5 3. Bg2 e6 4. O-O Nf6 5. d3 Bb7 6. Nbd2 Be7 7. e4 c5 8. exd5
Qxd5 9. a4 b4 10. Nc4 Qd8 11. Nfe5 Bxg2 12. Kxg2 Qd5+ 13. Qf3 O-O 14. Bg5 h6
15. Bxf6 Bxf6 16. Rfe1 Rd8 17. Rad1 Nd7 18. Nc6 Qxf3+ 19. Kxf3 Rdc8 20. N6a5
Nb6 21. Ra1 Nxc4 22. Nxc4 Rc6 23. Rad1 Rd8 24. Re4 Ra6 25. b3 Rc6 26. Kg2 Bc3
27. f4 Rd4 28. Rf1 Rd5 29. Ne3 Rd4 30. f5 Rxe4 31. dxe4 Rd6 32. Nc4 Rd4 33. Kf3
exf5 34. exf5 h5 35. Rf2 Rd5 36. Ke4 Rd4+ 37. Kf3 Rd5 38. Ke2 Kh7 39. Rf4 Kh6
40. h4 Bf6 41. Ne3 Rd7 42. Re4 g5 43. fxg6 fxg6 44. Re6 Kg7 45. Nc4 Rd4 46. Rc6
Rg4 47. Rc7+ Kh6 48. Kf3 g5 49. hxg5+ Rxg5 50. Rxa7 Rf5+ 51. Ke4 Rf2 52. Rf7
Kg5 53. a5 Rxc2 54. a6 Ra2 55. a7 Bd4 56. Nb6 Kg4 57. a8=Q Rxa8 58. Nxa8 Kxg3
59. Nc7 h4 60. Ne6 Bc3 61. Nf4 c4 62. bxc4 Bd2 63. Rg7+ Kf2 64. Rg2+ Ke1 65.
Nd3+ Kd1 66. c5 1-0

[Event "26th WSCC 2016 Open 50+"]
[Site "Marianske Lazne, Czech Republic - Hotel Cristal and Continental"]
[Date "2016.11.29"]
[Round "10.9"]
[White "Yuferev, Oleg"]
[Black "Haba, Petr"]
[Result "1/2-1/2"]
[WhiteElo "2239"]
[BlackElo "2472"]
[PlyCount "58"]
[EventDate "2016.11.19"]

1. Nf3 d5 2. d4 Nf6 3. c4 e6 4. g3 dxc4 5. Bg2 a6 6. O-O Nc6 7. Bg5 Be7 8. e3
O-O 9. Qc1 h6 10. Bxf6 Bxf6 11. Nfd2 e5 12. d5 Na7 13. Nxc4 Nb5 14. Qc2 g6 15.
a4 Bf5 16. Qb3 Nd6 17. Nbd2 b5 18. axb5 axb5 19. Nxd6 cxd6 20. Rxa8 Qxa8 21.
Qxb5 Qb8 22. Qxb8 Rxb8 23. e4 Rxb2 24. Nc4 Rb4 25. Rc1 Bd7 26. h4 Be7 27. Na5
Rb5 28. Nc6 Bf8 29. Rc2 Rb1+ 1/2-1/2

[Event "26th WSCC 2016 Open 50+"]
[Site "Marianske Lazne, Czech Republic - Hotel Cristal and Continental"]
[Date "2016.11.29"]
[Round "10.10"]
[White "Akesson, Ralf"]
[Black "Vokac, Marek"]
[Result "0-1"]
[WhiteElo "2416"]
[BlackElo "2391"]
[PlyCount "74"]
[EventDate "2016.11.19"]

1. d4 Nf6 2. c4 g6 3. Nc3 Bg7 4. e4 d6 5. Be2 O-O 6. Nf3 e5 7. Be3 Ng4 8. Bg5
f6 9. Bh4 Nc6 10. d5 Ne7 11. Nd2 Nh6 12. b4 f5 13. f3 fxe4 14. Ndxe4 Nhf5 15.
Bf2 Bh6 16. Qd3 a5 17. b5 Nd4 18. h4 Rf4 19. Rd1 Qf8 20. b6 cxb6 21. Nxd6 Nec6
22. dxc6 Qxd6 23. Nd5 Rf7 24. cxb7 Bxb7 25. h5 Bg7 26. hxg6 hxg6 27. Qb1 Bxd5
28. cxd5 Re8 29. Rh4 Nxe2 30. Kxe2 e4 31. Rxe4 Rxe4+ 32. fxe4 Qf4 33. Be3 Qg4+
34. Kd3 Re7 35. Qb3 Qxe4+ 36. Kd2 a4 37. Qd3 Qxg2+ 0-1

[Event "26th WSCC 2016 Open 50+"]
[Site "Marianske Lazne, Czech Republic - Hotel Cristal and Continental"]
[Date "2016.11.29"]
[Round "10.11"]
[White "Tunik, Gennady"]
[Black "Ginsburg, Mark"]
[Result "1/2-1/2"]
[WhiteElo "2404"]
[BlackElo "2340"]
[PlyCount "90"]
[EventDate "2016.11.19"]

1. d4 Nf6 2. c4 g6 3. Nc3 Bg7 4. e4 d6 5. Nf3 O-O 6. Be2 e5 7. Be3 Ng4 8. Bg5
f6 9. Bh4 Nd7 10. h3 Nh6 11. dxe5 dxe5 12. O-O Nf7 13. b4 c6 14. Nd2 Qe7 15. a3
Re8 16. Nb3 Nf8 17. Nc5 Ne6 18. Nxe6 Bxe6 19. Qc2 Rad8 20. Rad1 Rxd1 21. Rxd1
Rd8 22. Na4 Rxd1+ 23. Qxd1 Nd6 24. Qc2 Qf7 25. Nc5 Bc8 26. Nb3 f5 27. Nd2 Be6
28. f3 fxe4 29. Nxe4 Nf5 30. Bf2 Nd4 31. Bxd4 exd4 32. c5 Kf8 33. Qd2 Be5 34.
Ng5 Qe7 35. Bd3 Kg7 36. h4 Bf6 37. Qf4 Bd5 38. Ne4 Bxh4 39. Kf1 Bxe4 40. Qxe4
Qxe4 41. Bxe4 Kf6 42. Ke2 Ke7 43. f4 Kd8 44. Kd3 Bf6 45. g4 Kc7 1/2-1/2

[Event "26th WSCC 2016 Open 50+"]
[Site "Marianske Lazne, Czech Republic - Hotel Cristal and Continental"]
[Date "2016.11.29"]
[Round "10.12"]
[White "Konopka, Michal"]
[Black "Semakoff, Aleks"]
[Result "1/2-1/2"]
[WhiteElo "2396"]
[BlackElo "2084"]
[PlyCount "52"]
[EventDate "2016.11.19"]

1. Nf3 d5 2. d4 e6 3. c4 c5 4. cxd5 exd5 5. g3 Nc6 6. Bg2 Nf6 7. O-O Be7 8.
dxc5 Bxc5 9. a3 O-O 10. b4 Bb6 11. Nc3 h6 12. Bb2 Re8 13. Na4 Bc7 14. Rc1 Ne5
15. Nxe5 Bxe5 16. Bxe5 Rxe5 17. e3 Bf5 18. Qd4 Qe7 19. Nc3 a5 20. Rfd1 axb4 21.
axb4 Be4 22. f3 Bg6 23. Re1 Re6 24. Nb5 Rc6 25. Rc5 Ra4 26. Qc3 Rxb4 1/2-1/2

[Event "26th WSCC 2016 Open 50+"]
[Site "Marianske Lazne, Czech Republic - Hotel Cristal and Continental"]
[Date "2016.11.29"]
[Round "10.13"]
[White "Grant, Jonathan I M"]
[Black "Rakhimov, Zinnour K"]
[Result "1-0"]
[WhiteElo "2218"]
[BlackElo "2398"]
[PlyCount "57"]
[EventDate "2016.11.19"]

1. c4 c5 2. g3 Nf6 3. Bg2 d5 4. cxd5 Nxd5 5. Nc3 Nc7 6. Nf3 Nc6 7. O-O e5 8. a3
Be7 9. b4 f6 10. bxc5 Bxc5 11. Bb2 O-O 12. Rc1 Ne6 13. e3 Qe7 14. d4 exd4 15.
exd4 Rd8 16. d5 Nf8 17. Na4 Bb6 18. Nxb6 axb6 19. Qb3 Na5 20. Qxb6 Rxd5 21. Nd4
Rd6 22. Qb4 Qd8 23. Nb5 Rd7 24. Bh3 Nc6 25. Qb3+ Kh8 26. Bxd7 Qxd7 27. Rfd1 Qh3
28. Nc7 Na5 29. Qb4 1-0

[Event "26th WSCC 2016 Open 50+"]
[Site "Marianske Lazne, Czech Republic - Hotel Cristal and Continental"]
[Date "2016.11.29"]
[Round "10.14"]
[White "Chapman, Terry P D"]
[Black "Pastircak, Milan"]
[Result "1/2-1/2"]
[WhiteElo "2220"]
[BlackElo "2362"]
[PlyCount "25"]
[EventDate "2016.11.19"]

1. Nf3 Nf6 2. c4 g6 3. d4 Bg7 4. g3 O-O 5. Bg2 c6 6. Nc3 d5 7. cxd5 cxd5 8. Ne5
e6 9. O-O Nfd7 10. Nf3 Nf6 11. Ne5 Nfd7 12. Nf3 Nf6 13. Ne5 1/2-1/2

[Event "26th WSCC 2016 Open 50+"]
[Site "Marianske Lazne, Czech Republic - Hotel Cristal and Continental"]
[Date "2016.11.29"]
[Round "10.15"]
[White "Chudinovskikh, Alexander M"]
[Black "Grigoryan, Karen"]
[Result "1-0"]
[WhiteElo "2219"]
[BlackElo "2332"]
[PlyCount "43"]
[EventDate "2016.11.19"]

1. d4 Nf6 2. Nf3 c5 3. d5 b5 4. Bg5 g6 5. Bxf6 exf6 6. e4 a6 7. a4 bxa4 8. Rxa4
Bg7 9. Nc3 O-O 10. d6 Bb7 11. Be2 Qb6 12. Ra3 c4 13. Bxc4 f5 14. O-O fxe4 15.
Rb3 Qc5 16. Rxb7 Qxc4 17. Ng5 Bxc3 18. bxc3 h6 19. Rc7 Qa4 20. Qd5 Nc6 21. Nxe4
Rad8 22. Nf6+ 1-0

[Event "26th WSCC 2016 Open 50+"]
[Site "Marianske Lazne, Czech Republic - Hotel Cristal and Continental"]
[Date "2016.11.29"]
[Round "10.16"]
[White "Hartung-Nielsen, Jens"]
[Black "Schroll, Gerhard"]
[Result "1/2-1/2"]
[WhiteElo "2200"]
[BlackElo "2314"]
[PlyCount "62"]
[EventDate "2016.11.19"]

1. e4 e5 2. Nf3 Nc6 3. Nc3 Nf6 4. Bb5 Bb4 5. O-O O-O 6. d3 Bxc3 7. bxc3 d6 8.
Bg5 Qe7 9. Re1 a6 10. Bxc6 bxc6 11. h3 Qe6 12. Nh4 Ne8 13. Qf3 f6 14. Bd2 g6
15. g4 Qe7 16. Qg3 Ng7 17. Bh6 Be6 18. Kh2 Kh8 19. c4 Rab8 20. Rab1 Qd7 21. Rg1
Rxb1 22. Rxb1 c5 23. Kg2 Re8 24. Bxg7+ Qxg7 25. Kh2 Bd7 26. Ng2 Bc6 27. Ne3 Qf8
28. Qg1 Rb8 29. Qc1 Rb6 30. Rb3 Qb8 31. Qa3 Rxb3 1/2-1/2

[Event "26th WSCC 2016 Open 50+"]
[Site "Marianske Lazne, Czech Republic - Hotel Cristal and Continental"]
[Date "2016.11.29"]
[Round "10.17"]
[White "Barle, Janez"]
[Black "Smolin, Sergey"]
[Result "1-0"]
[WhiteElo "2303"]
[BlackElo "2224"]
[PlyCount "93"]
[EventDate "2016.11.19"]

1. e4 g6 2. d4 Bg7 3. Nc3 a6 4. a4 d6 5. Nge2 Nc6 6. d5 Ne5 7. f4 Nd7 8. g3 c5
9. Bg2 Rb8 10. a5 Nh6 11. h3 f5 12. O-O b5 13. axb6 Qxb6 14. Kh1 fxe4 15. g4
Nf7 16. Nxe4 a5 17. Rf3 Ra8 18. Rb3 Qc7 19. Rba3 Nf6 20. Nxf6+ Bxf6 21. Ng3 c4
22. Ne4 Bg7 23. Qe1 h5 24. g5 O-O 25. Rxa5 Rb8 26. Ra7 Rb7 27. Rxb7 Qxb7 28.
Ra4 c3 29. Nxc3 Bf5 30. Ne4 Rc8 31. c4 Qd7 32. b3 Bxh3 33. Nf2 Bxg2+ 34. Kxg2
Rb8 35. Ra3 Bd4 36. Qe4 Bxf2 37. Qxg6+ Kf8 38. Kxf2 Qg4 39. Qe6 Qh4+ 40. Kg2
Nd8 41. Qf5+ Ke8 42. Bd2 Rb7 43. b4 Rc7 44. Rh3 Qg4+ 45. Qxg4 hxg4 46. Rh8+ Kd7
47. g6 1-0

[Event "26th WSCC 2016 Open 50+"]
[Site "Marianske Lazne, Czech Republic - Hotel Cristal and Continental"]
[Date "2016.11.29"]
[Round "10.18"]
[White "Vepkhvishvili, Varlam"]
[Black "Petran, Peter"]
[Result "0-1"]
[WhiteElo "2086"]
[BlackElo "2302"]
[PlyCount "110"]
[EventDate "2016.11.19"]

1. e4 g6 2. d4 c6 3. Be2 d5 4. e5 f6 5. exf6 exf6 6. Nf3 Bd6 7. Be3 Ne7 8. c4
dxc4 9. Bxc4 Nd7 10. Nc3 Nb6 11. Bb3 Bf5 12. O-O Qd7 13. Nd2 Ned5 14. Nde4 Be7
15. a4 a5 16. Re1 O-O-O 17. Rc1 Bb4 18. Nc5 Qg7 19. Qf3 Kb8 20. Nxd5 Nxd5 21.
Re2 Ka7 22. Bd2 Bxd2 23. Rxd2 Rhe8 24. Bxd5 Rxd5 25. h3 Bc8 26. b4 b6 27. Nb3
axb4 28. Rxc6 Rf5 29. Qg3 Bb7 30. Rc7 Re7 31. Rdc2 Rg5 32. Rxb7+ Rxb7 33. Qd3
Rc7 34. Re2 Rc3 35. Qd1 Qb7 36. f4 Rd5 37. Re6 Qc7 38. a5 bxa5 39. Qe2 Rc6 40.
Re7 Rd7 41. Re8 Rc1+ 42. Kh2 Rc3 43. Qe4 Qc6 44. Qb1 Rc7 45. Re2 Qd5 46. Nc5
Qxd4 47. Ne6 Qc4 48. Ra2 Rc5 49. Nxc5 Qxf4+ 50. g3 Qxg3+ 51. Kh1 Qxh3+ 52. Rh2
Qf3+ 53. Kg1 Qe3+ 54. Kg2 Rxc5 55. Rxh7+ Kb6 0-1

[Event "26th WSCC 2016 Open 50+"]
[Site "Marianske Lazne, Czech Republic - Hotel Cristal and Continental"]
[Date "2016.11.29"]
[Round "10.19"]
[White "Bergstrom, Rolf"]
[Black "Schatz, Christian"]
[Result "1/2-1/2"]
[WhiteElo "2296"]
[BlackElo "2218"]
[PlyCount "32"]
[EventDate "2016.11.19"]

1. e4 Nf6 2. e5 Nd5 3. c4 Nb6 4. d4 d6 5. exd6 exd6 6. Nc3 Be7 7. h3 O-O 8. Nf3
Re8 9. Be2 Bf6 10. O-O Nc6 11. Bf4 Bf5 12. Rc1 h6 13. b3 Be4 14. d5 Bxf3 15.
Bxf3 Ne5 16. Be4 Nexc4 1/2-1/2

[Event "26th WSCC 2016 Open 50+"]
[Site "Marianske Lazne, Czech Republic - Hotel Cristal and Continental"]
[Date "2016.11.29"]
[Round "10.20"]
[White "Lacina, Adolf"]
[Black "Yakimenko, Alexander A"]
[Result "1-0"]
[WhiteElo "2206"]
[BlackElo "2240"]
[PlyCount "101"]
[EventDate "2016.11.19"]

1. e4 e6 2. d4 d5 3. Nd2 Nc6 4. Ngf3 Nf6 5. e5 Nd7 6. Be2 Be7 7. O-O f6 8. exf6
Bxf6 9. Bb5 O-O 10. c3 e5 11. Qb3 exd4 12. cxd4 Ne7 13. Ne4 Kh8 14. Neg5 Bxg5
15. Bxg5 Nf6 16. Rfe1 Nf5 17. Re5 Nd6 18. Bd3 Bg4 19. Nd2 c6 20. Bc2 Qd7 21.
Rae1 Rae8 22. f3 Bf5 23. Nf1 Bxc2 24. Qxc2 Nc4 25. Bxf6 gxf6 26. R5e2 Nd6 27.
Qc5 b6 28. Qc3 Nb5 29. Qd2 Rxe2 30. Rxe2 Qf7 31. Qf4 Nc7 32. Qd6 Nb5 33. Qf4
Nc7 34. Ng3 Re8 35. Rxe8+ Nxe8 36. Nf5 Qe6 37. Kf2 c5 38. g4 c4 39. Qb8 a5 40.
a4 Qd7 41. Qxb6 Qxa4 42. Qe6 h5 43. Qf7 h4 44. Nxh4 Qc2+ 45. Kg3 Ng7 46. Ng6+
Kh7 47. Ne7 Qb1 48. Qg8+ Kh6 49. Qh8+ Qh7 50. Qf8 Qb1 51. Nf5+ 1-0

[Event "26th WSCC 2016 Open 50+"]
[Site "Marianske Lazne, Czech Republic - Hotel Cristal and Continental"]
[Date "2016.11.29"]
[Round "10.21"]
[White "Fritsch, Rolf"]
[Black "Maslak, Alexander"]
[Result "1/2-1/2"]
[WhiteElo "2235"]
[BlackElo "2186"]
[PlyCount "88"]
[EventDate "2016.11.19"]

1. d4 Nf6 2. Nf3 g6 3. c4 Bg7 4. Nc3 O-O 5. e4 d6 6. Be2 e5 7. O-O Nc6 8. d5
Ne7 9. b4 Nh5 10. Re1 f5 11. Nd2 Nf6 12. Ba3 Bh6 13. Bf1 Rf7 14. f3 f4 15. c5
g5 16. Be2 Ng6 17. Rc1 Bf8 18. Nf1 h5 19. h3 Rg7 20. Nh2 Nh8 21. Qd3 Nf7 22.
Nd1 g4 23. hxg4 hxg4 24. fxg4 Bxg4 25. Rc3 Bc8 26. Nf2 Nh6 27. Rec1 Qe8 28.
cxd6 Bxd6 29. b5 Rg3 30. Bf3 Bd7 31. Rb1 Nhg4 32. Nhxg4 Nxg4 33. Nh1 Qh5 34.
Nxg3 Qh2+ 35. Kf1 Ne3+ 36. Ke2 Qxg3 37. Bxd6 cxd6 38. Rg1 a6 39. a4 axb5 40.
Qb1 Rxa4 41. Rc7 Bg4 42. Qxb5 Ra2+ 43. Kd3 Ra3+ 44. Rc3 Rxc3+ 1/2-1/2

[Event "26th WSCC 2016 Open 50+"]
[Site "Marianske Lazne, Czech Republic - Hotel Cristal and Continental"]
[Date "2016.11.29"]
[Round "10.22"]
[White "Kilicaslan, Hasan"]
[Black "Tesar, Jan"]
[Result "1-0"]
[WhiteElo "2225"]
[BlackElo "2072"]
[PlyCount "43"]
[EventDate "2016.11.19"]

1. d4 d5 2. Nf3 Nc6 3. c4 Bg4 4. Nc3 Nf6 5. cxd5 Nxd5 6. e4 Bxf3 7. gxf3 Nf6 8.
d5 Nb8 9. Qb3 e5 10. dxe6 fxe6 11. Qxe6+ Be7 12. Bc4 Qd7 13. Qf7+ Kd8 14. Qxg7
Rf8 15. Be3 Bd6 16. Bh6 Qc6 17. O-O-O Nbd7 18. Bb5 Qc5 19. Be3 Qh5 20. Rhg1 c6
21. Rxd6 cxb5 22. Qxf8+ 1-0

[Event "26th WSCC 2016 Open 50+"]
[Site "Marianske Lazne, Czech Republic - Hotel Cristal and Continental"]
[Date "2016.11.29"]
[Round "10.23"]
[White "Babar, Michael"]
[Black "Syrchikov, Alexander"]
[Result "1/2-1/2"]
[WhiteElo "2129"]
[BlackElo "2416"]
[PlyCount "58"]
[EventDate "2016.11.19"]

1. e4 c5 2. Nf3 d6 3. Bb5+ Bd7 4. Qe2 Nc6 5. c3 Nf6 6. O-O e5 7. Rd1 Be7 8. d4
Qc7 9. dxe5 dxe5 10. Bg5 O-O 11. Na3 a6 12. Bc4 Rfe8 13. Bxf6 Bxf6 14. Nc2 Be6
15. Ne3 Ne7 16. Rd2 b5 17. Bd5 Rad8 18. Rad1 c4 19. Bxe6 fxe6 20. Ng4 Ng6 21.
Nxf6+ gxf6 22. g3 Qb6 23. h4 Kf7 24. Nh2 Rxd2 25. Qxd2 Nf8 26. Ng4 h5 27. Nxf6
Kxf6 28. Qg5+ Kf7 29. Qxh5+ Ke7 1/2-1/2

[Event "26th WSCC 2016 Open 50+"]
[Site "Marianske Lazne, Czech Republic - Hotel Cristal and Continental"]
[Date "2016.11.29"]
[Round "10.24"]
[White "Levrand, Roland"]
[Black "Stentebjerg-Hansen, Per"]
[Result "1-0"]
[WhiteElo "2097"]
[BlackElo "2262"]
[PlyCount "165"]
[EventDate "2016.11.19"]

1. e4 c6 2. d4 d5 3. Nc3 dxe4 4. Nxe4 Bf5 5. Ng3 Bg6 6. N1e2 e6 7. Nf4 Bd6 8.
c3 Qc7 9. Ngh5 Bxh5 10. Nxh5 g6 11. Ng3 Nf6 12. Qf3 Nbd7 13. Bg5 Be7 14. O-O-O
h6 15. Bf4 Bd6 16. Bd2 O-O-O 17. Kb1 c5 18. Bb5 Rh7 19. Bxd7+ Nxd7 20. Ne4 f5
21. Nxd6+ Qxd6 22. dxc5 Qxc5 23. Be3 Qa5 24. Qe2 e5 25. Qc4+ Qc7 26. Qe6 f4 27.
Qxg6 Rhh8 28. Bc1 Rhg8 29. Qe4 Nc5 30. Qf5+ Kb8 31. Rxd8+ Rxd8 32. Qg6 Nd3 33.
Qxh6 Nxf2 34. Re1 Nd3 35. Rd1 Qf7 36. Qg5 Rg8 37. Qh6 Rd8 38. Qh4 Kc7 39. Ka1
Rd7 40. Qg4 Rd6 41. Qe2 e4 42. Rf1 Nxc1 43. Rxc1 e3 44. Rc2 Qd5 45. b3 Qd1+ 46.
Kb2 Qd5 47. g3 Qe4 48. Qg4 Re6 49. Qg5 e2 50. Rd2 a6 51. Qd8+ Kc6 52. b4 Qe5
53. gxf4 Qe3 54. Qc8+ Kb6 55. Rd7 Qc1+ 56. Kxc1 e1=Q+ 57. Rd1 Qe3+ 58. Kc2 Rc6
59. Qd8+ Kb5 60. Qd3+ Qxd3+ 61. Rxd3 Rh6 62. h3 Rg6 63. Rd5+ Kc6 64. Rg5 Rf6
65. Rg4 Kd5 66. Kd3 b5 67. Rg5+ Ke6 68. Ke4 Ke7 69. f5 Rc6 70. Rg7+ Kf8 71. Rg3
Rc4+ 72. Ke5 Kf7 73. Rf3 Rh4 74. Kd6 Rc4 75. f6 Rc8 76. h4 a5 77. h5 a4 78. h6
a3 79. h7 Rh8 80. Rh3 Kxf6 81. Kc5 Ke5 82. Kxb5 Ke4 83. Ka4 1-0

[Event "26th WSCC 2016 Open 50+"]
[Site "Marianske Lazne, Czech Republic - Hotel Cristal and Continental"]
[Date "2016.11.29"]
[Round "10.25"]
[White "Boulard, Eric"]
[Black "Elias, Miroslav"]
[Result "1/2-1/2"]
[WhiteElo "2245"]
[BlackElo "2043"]
[PlyCount "40"]
[EventDate "2016.11.19"]

1. e4 e5 2. Nf3 Nf6 3. Nc3 Bb4 4. Nd5 Nxd5 5. exd5 O-O 6. c3 Ba5 7. d4 d6 8.
dxe5 dxe5 9. Be2 Re8 10. O-O Bb6 11. Nd2 Qxd5 12. Bc4 Qc6 13. Qh5 Qg6 14. Qxg6
hxg6 15. Nf3 Nc6 16. Ng5 Nd8 17. Re1 Kf8 18. Nh7+ Kg8 19. Ng5 Kf8 20. Nh7+ Kg8
1/2-1/2

[Event "26th WSCC 2016 Open 50+"]
[Site "Marianske Lazne, Czech Republic - Hotel Cristal and Continental"]
[Date "2016.11.29"]
[Round "10.26"]
[White "Gayson, Peter M"]
[Black "Brito, Luismar"]
[Result "1/2-1/2"]
[WhiteElo "2127"]
[BlackElo "2242"]
[PlyCount "95"]
[EventDate "2016.11.19"]

1. e4 c5 2. Nf3 d6 3. d4 cxd4 4. Nxd4 Nf6 5. Nc3 a6 6. f4 e5 7. Nf3 Qc7 8. a4
Be7 9. Bd3 h6 10. fxe5 dxe5 11. O-O Nc6 12. Kh1 Be6 13. Be3 Rd8 14. Qe1 Ng4 15.
Bg1 Nb4 16. h3 h5 17. Qe2 Rd7 18. a5 g5 19. Bb6 Qb8 20. Bc4 Qd6 21. Bxe6 Qxe6
22. Rad1 f6 23. Rxd7 Qxd7 24. Kg1 Nc6 25. Nd5 f5 26. Nxe7 Qxe7 27. exf5 e4 28.
hxg4 exf3 29. Qxe7+ Kxe7 30. gxf3 Kf7 31. Kg2 hxg4 32. fxg4 Rh4 33. Kf3 Ne5+
34. Ke4 Nxg4 35. Kd5 Rh2 36. Rg1 Nf6+ 37. Kd4 g4 38. Kd3 Rh3+ 39. Kc4 Rf3 40.
Bd4 Rxf5 41. Bxf6 Kxf6 42. Rxg4 Rxa5 43. Re4 b6 44. Kd4 Rb5 45. Kc3 Rc5+ 46.
Rc4 Rxc4+ 47. Kxc4 Ke5 48. Kd3 1/2-1/2

[Event "26th WSCC 2016 Open 50+"]
[Site "Marianske Lazne, Czech Republic - Hotel Cristal and Continental"]
[Date "2016.11.29"]
[Round "10.27"]
[White "Gueci, Riccardo"]
[Black "Thuesen, Mogens"]
[Result "0-1"]
[WhiteElo "2121"]
[BlackElo "2207"]
[PlyCount "102"]
[EventDate "2016.11.19"]

1. b3 d5 2. Bb2 Bf5 3. f4 Nf6 4. Nf3 e6 5. g3 Nc6 6. Bg2 Bc5 7. e3 d4 8. exd4
Nxd4 9. Nxd4 Bxd4 10. c3 Bb6 11. d4 Be4 12. Bxe4 Nxe4 13. Qf3 Qd5 14. Nd2 Nd6
15. Qxd5 exd5 16. a4 c6 17. O-O Kd7 18. Ba3 Nf5 19. Nf3 f6 20. Rae1 Rhe8 21.
Kf2 Ba5 22. Bb2 Nd6 23. Nd2 Bc7 24. Ba3 Nf5 25. Rxe8 Rxe8 26. Re1 Rxe1 27. Kxe1
h5 28. Kf2 Ba5 29. Nb1 Ke6 30. Kf3 Bc7 31. h3 g5 32. Bc1 b5 33. fxg5 Nxg3 34.
gxf6 Ne4 35. axb5 cxb5 36. c4 bxc4 37. bxc4 Nxf6 38. c5 Ne4 39. Na3 Ba5 40. Bf4
a6 41. Nc2 Bc3 42. Bc1 a5 43. Ke2 a4 44. Kd3 Ba5 45. Be3 Kd7 46. Na3 Kc6 47.
Nc4 dxc4+ 48. Kxe4 a3 49. d5+ Kc7 50. Bc1 a2 51. Bf4+ Kc8 0-1

[Event "26th WSCC 2016 Open 50+"]
[Site "Marianske Lazne, Czech Republic - Hotel Cristal and Continental"]
[Date "2016.11.29"]
[Round "10.28"]
[White "Hrbolka, Ladislav"]
[Black "Kolesar, Milan"]
[Result "1/2-1/2"]
[WhiteElo "2094"]
[BlackElo "2194"]
[PlyCount "59"]
[EventDate "2016.11.19"]

1. d4 d5 2. Nf3 Nf6 3. c4 c6 4. Nc3 dxc4 5. a4 Bf5 6. Ne5 Nbd7 7. Nxc4 Qc7 8.
g3 e5 9. dxe5 Nxe5 10. Bf4 Nfd7 11. Bg2 g5 12. Ne3 gxf4 13. Nxf5 Nc5 14. Qc2
Ng6 15. a5 a6 16. O-O O-O-O 17. Rfc1 h5 18. b4 Ne6 19. b5 cxb5 20. Qe4 Nc5 21.
Nd5 Nxe4 22. Rxc7+ Kb8 23. Bxe4 Rxd5 24. Rxf7 Re5 25. Rxb7+ Kc8 26. Rc1+ Kd8
27. Rb8+ Kd7 28. Rb7+ Kd8 29. Rb8+ Kd7 30. Rb7+ 1/2-1/2

[Event "26th WSCC 2016 Open 50+"]
[Site "Marianske Lazne, Czech Republic - Hotel Cristal and Continental"]
[Date "2016.11.29"]
[Round "10.29"]
[White "Yasin, Hur"]
[Black "Folk, Petr"]
[Result "1/2-1/2"]
[WhiteElo "2075"]
[BlackElo "2182"]
[PlyCount "135"]
[EventDate "2016.11.19"]

1. e4 c5 2. Nf3 e6 3. Nc3 a6 4. g3 Nc6 5. Bg2 d6 6. d4 cxd4 7. Nxd4 Bd7 8. O-O
Nf6 9. Re1 Be7 10. Be3 O-O 11. a4 Rc8 12. Nb3 Ne5 13. a5 Nc4 14. Bc1 Qc7 15.
Qe2 Rfe8 16. f4 e5 17. f5 d5 18. g4 d4 19. Nd1 Bb5 20. Qf3 Red8 21. g5 Ne8 22.
Bf1 Ncd6 23. c3 Bc4 24. cxd4 exd4 25. Nxd4 Bxf1 26. Qxf1 Nc4 27. Nb3 Bb4 28.
Bf4 Qd7 29. Re2 Qd3 30. Nc3 Nxb2 31. Nd5 Qxb3 32. Rb1 Rc2 33. Nxb4 Rxe2 34.
Qxe2 Qxb4 35. Rxb2 Qd4+ 36. Kg2 Rd7 37. Rd2 Qa4 38. Rxd7 Qxd7 39. Qc4 Kf8 40.
Kf2 Kg8 41. h4 g6 42. f6 Qg4 43. Bg3 h6 44. Qd5 hxg5 45. hxg5 Qc8 46. Bf4 Qc2+
47. Kf3 Qc3+ 48. Kg4 Qc8+ 49. Kh4 Qc3 50. Kg4 Qc8+ 51. Kf3 Nc7 52. Bxc7 Qxc7
53. e5 Qc3+ 54. Ke4 Qb4+ 55. Kd3 Qa3+ 56. Kc2 Qa4+ 57. Kc3 Qa3+ 58. Kc2 Qa4+
59. Kc3 Qa3+ 60. Kd4 Qb4+ 61. Qc4 Qd2+ 62. Ke4 Qd7 63. Ke3 Qh3+ 64. Kd4 Qd7+
65. Kc3 Qf5 66. Kd4 Qd7+ 67. Kc3 Qf5 68. Kd4 1/2-1/2